Score 0/17 Timer 10:00
0 Plays Today
% Correct
Canada, USA: Saint-Laurent
94.7%
USA: Snake River
94.1%
USA: Mississippi:
92.4%
USA: Brazos
92.1%
USA: Hudson
83.2%
Canada: Mackenzie
81.6%
Canada: Peace
73.7%
Canada, USA: Yukon
70.7%
Canada: Nelson
67.1%
% Correct
USA: Hackensack
65.5%
Canada: Saskatchewan
62.5%
USA: Delaware
54.9%
USA: Potomac
51.6%
USA, Canada: Columbia
48%
USA: Susquehanna
44.7%
USA: Chattahoochee
41.4%
Canada: Athabasca
39.8%
Remove Ads.
Support Sporcle.
Get the best of Sporcle when you Go Orange. This ad-free experience offers more features, more stats, and more fun while also helping to support Sporcle. Thank you for becoming a member.

You're not logged in!

Compare scores with friends on all Sporcle quizzes.
OR
Log In

Show Comments

Extras

Top Quizzes Today


Score Distribution

Your Account Isn't Verified!

In order to create a playlist on Sporcle, you need to verify the email address you used during registration. Go to your Sporcle Settings to finish the process.

Report this User

Report this user for behavior that violates our Community Guidelines.

Details: